[Event "HUN-chT2 Toth 1516"]
[Site "Hungary"]
[Date "2015.09.26"]
[Round "2.8"]
[White "Martonosi, Adam"]
[Black "Valyi, Adel"]
[Result "1-0"]
[WhiteElo "1868"]
[BlackElo "1908"]
[PlyCount "65"]
[EventDate "2015.09.13"]
[EventType "team-tourn"]
[EventRounds "11"]
[EventCountry "HUN"]
[SourceTitle "CBM 170 Extra"]
[Source "ChessBase"]
[SourceDate "2016.02.25"]
[SourceVersion "1"]
[SourceVersionDate "2016.02.25"]
[SourceQuality "1"]
[WhiteTeam "Mako SVSE II"]
[BlackTeam "Maroczy II"]
[WhiteTeamCountry "HUN"]
[BlackTeamCountry "HUN"]

1. c4 c5 2. g3 e6 3. Bg2 d5 4. cxd5 exd5 5. d4 Nf6 6. Nf3 Nc6 7. 0-0 c4 8. Nc3 Be7 9. Ne5 0-0 10. e4 Nxe5 11. dxe5 Nxe4 12. Nxd5 f5 13. exf6 Nxf6 14. Nxe7+ Qxe7 15. Bf4 Qf7 16. Re1 Bg4 17. Qc2 Rac8 18. h3 Bh5 19. Re5 Rfe8 20. Rae1 Rxe5 21. Rxe5 Qd7 22. g4 Bg6 23. Qe2 Qd3 24. Bxb7 Rd8 25. Re3 Qb1+ 26. Kh2 Bd3 27. Qf3 Qxb2 28. Be5 Qb6 29. g5 Nd7 30. Bd5+ Kh8 31. Bxg7+ Kxg7 32. Qf7+ Kh8 33. Re8+ 1-0

[Event "HUN-chT2 Maroczy 1415"]
[Site "Hungary"]
[Date "2015.02.08"]
[Round "6"]
[White "Toth, Tamas"]
[Black "Valyi, Adel"]
[Result "1/2-1/2"]
[WhiteElo "1998"]
[BlackElo "1910"]
[PlyCount "55"]
[EventDate "2014.10.12"]
[EventType "team-tourn"]
[EventRounds "9"]
[EventCountry "HUN"]
[SourceTitle "EXT 2016"]
[Source "ChessBase"]
[SourceDate "2015.10.08"]
[SourceVersion "1"]
[SourceVersionDate "2015.10.08"]
[SourceQuality "1"]
[WhiteTeam "Hajduboszormeny"]
[BlackTeam "Maroczy"]
[WhiteTeamCountry "HUN"]
[BlackTeamCountry "HUN"]

1. e4 c5 2. Nf3 Nc6 3. d4 cxd4 4. Nxd4 g6 5. Nc3 Bg7 6. Be3 Nf6 7. Nxc6 dxc6 8. Qxd8+ Kxd8 9. Rd1+ Ke8 10. h3 Be6 11. a4 Nd7 12. Bd4 Bxd4 13. Rxd4 Rd8 14. f4 f5 15. exf5 Bxf5 16. Rd2 Nc5 17. g3 Rxd2 18. Kxd2 Kf7 19. Bc4+ Be6 20. Bxe6+ Nxe6 21. Ke3 Rd8 22. Ne4 h6 23. c3 Nc7 24. Re1 Nd5+ 25. Kf3 Nf6 26. Nc5 b6 27. Nb3 Rd3+ 28. Re3 1/2-1/2

[Event "HUN-chT2 Maroczy 1415"]
[Site "Hungary"]
[Date "2014.11.16"]
[Round "2"]
[White "Valyi, Adel"]
[Black "Laszlo, Laura"]
[Result "1/2-1/2"]
[WhiteElo "1910"]
[BlackElo "1827"]
[PlyCount "127"]
[EventDate "2014.10.12"]
[EventType "team-tourn"]
[EventRounds "9"]
[EventCountry "HUN"]
[SourceTitle "EXT 2016"]
[Source "ChessBase"]
[SourceDate "2015.10.08"]
[SourceVersion "1"]
[SourceVersionDate "2015.10.08"]
[SourceQuality "1"]
[WhiteTeam "Maroczy"]
[BlackTeam "Kisujszallas"]
[WhiteTeamCountry "HUN"]
[BlackTeamCountry "HUN"]

1. d4 Nf6 2. Bg5 e6 3. Nd2 h6 4. Bh4 Be7 5. e3 d5 6. Bd3 Nbd7 7. Ngf3 0-0 8. 0-0 c5 9. c3 c4 10. Bc2 b5 11. a3 Bb7 12. Bxf6 Nxf6 13. Ne5 a5 14. f4 Ne4 15. Nxe4 dxe4 16. a4 Qd5 17. g4 b4 18. b3 cxb3 19. Bxb3 Qd6 20. c4 Rad8 21. c5 Qc7 22. Qc2 Bd5 23. Nc4 Bc6 24. Rf2 Kh7 25. Raf1 Bh4 26. Rg2 Be7 27. Nd2 Qb7 28. g5 g6 29. h4 h5 30. Nc4 Qc7 31. Ba2 Ra8 32. Nd2 Qd7 33. Bb3 Qb7 34. Ra1 Rfd8 35. Nc4 Rf8 36. Ba2 Bd5 37. Nd2 Rab8 38. Bxd5 exd5 39. Nb3 Ra8 40. Qe2 Rfb8 41. Nd2 Qd7 42. Nf1 b3 43. Qb2 Rb4 44. Qa3 Qh3 45. Rb1 Rab8 46. Rbb2 Qxh4 47. Rg3 f6 48. Qa1 fxg5 49. Rh2 Qxh2+ 50. Kxh2 b2 51. Qb1 Rc4 52. Rg2 Rc1 53. Qxb2 Rxb2 54. Rxb2 Kg7 55. Kg2 gxf4 56. exf4 Rc4 57. Ne3 Rxd4 58. c6 Bd6 59. Rb7+ Kf6 60. c7 Bxc7 61. Rxc7 Rxa4 62. Rc6+ Kf7 63. Nxd5 Ra2+ 64. Kg3 1/2-1/2

[Event "HUN-chT2 Toth 1415"]
[Site "Hungary"]
[Date "2014.09.07"]
[Round "1.5"]
[White "Kovacs, Robert"]
[Black "Valyi, Adel"]
[Result "0-1"]
[WhiteElo "2103"]
[BlackElo "1910"]
[PlyCount "68"]
[EventDate "2014.09.07"]
[EventType "team-tourn"]
[EventRounds "11"]
[EventCountry "HUN"]
[SourceTitle "EXT 2016"]
[Source "ChessBase"]
[SourceDate "2015.10.08"]
[SourceVersion "1"]
[SourceVersionDate "2015.10.08"]
[SourceQuality "1"]
[WhiteTeam "Karcag"]
[BlackTeam "Maroczy II"]
[WhiteTeamCountry "HUN"]
[BlackTeamCountry "HUN"]

1. d4 d5 2. Nf3 Nf6 3. c4 e6 4. Nc3 c5 5. cxd5 exd5 6. g3 Nc6 7. Bg2 Be6 8. 0-0 c4 9. Bg5 Be7 10. Ne5 0-0 11. Rc1 h6 12. Bxf6 Bxf6 13. b3 Bxe5 14. dxe5 d4 15. Nb5 cxb3 16. axb3 Qb6 17. Bxc6 bxc6 18. Nd6 Bxb3 19. Qd3 a5 20. f4 f6 21. Rb1 a4 22. e6 Qc7 23. Nc4 f5 24. Qxd4 Rfd8 25. Qc3 Re8 26. Ne5 Rxe6 27. Rfc1 Bd5 28. Ra1 Qa7+ 29. Kf1 a3 30. Qd3 a2 31. Qxf5 Rf8 32. Nxc6 Bg2+ 33. Ke1 Qg1+ 34. Kd2 Qe3+ 0-1

[Event "HUN-chT2 Toth 1314"]
[Site "Hungary"]
[Date "2014.04.13"]
[Round "10.2"]
[White "Kemeny, Csaba"]
[Black "Valyi, Adel"]
[Result "1-0"]
[WhiteElo "2108"]
[BlackElo "1883"]
[PlyCount "87"]
[EventDate "2013.09.08"]
[EventType "team-tourn"]
[EventRounds "11"]
[EventCountry "HUN"]
[SourceTitle "EXT 2016"]
[Source "ChessBase"]
[SourceDate "2015.10.08"]
[SourceVersion "1"]
[SourceVersionDate "2015.10.08"]
[SourceQuality "1"]
[WhiteTeam "Csongrad Felegyhaza"]
[BlackTeam "Szeged Maroczy II"]
[WhiteTeamCountry "HUN"]
[BlackTeamCountry "HUN"]

1. d4 e6 2. f4 f5 3. Nf3 Nf6 4. e3 b6 5. Bd3 Bb7 6. Nbd2 Be7 7. c3 Ne4 8. 0-0 0-0 9. Qc2 d5 10. Ne5 Nd7 11. Ndf3 c5 12. Nxd7 Qxd7 13. Ne5 Qe8 14. Bd2 Rf6 15. Be1 Rh6 16. Be2 g5 17. Bg3 g4 18. Bd3 Nxg3 19. hxg3 c4 20. Be2 Bd6 21. Kf2 Bxe5 22. fxe5 Rc8 23. Rh1 Rxh1 24. Rxh1 h5 25. Qc1 Qg6 26. Qg1 Kf7 27. Qh2 Rh8 28. Qh4 b5 29. Ra1 Bc6 30. b4 Ra8 31. a4 bxa4 32. Bd1 a5 33. bxa5 f4 34. gxf4 Rxa5 35. Qd8 g3+ 36. Kg1 Ra6 37. Qc7+ Kf8 38. Qc8+ Be8 39. Qxa6 Qd3 40. Bxa4 Qxe3+ 41. Kh1 Qxf4 42. Qd6+ Kg8 43. Qxe6+ Bf7 44. Qf6 1-0

[Event "HUN-chT2 Maroczy 1213"]
[Site "Hungary"]
[Date "2013.04.07"]
[Round "10"]
[White "Valyi, Adel"]
[Black "Kiss, Akos"]
[Result "1-0"]
[WhiteElo "1861"]
[BlackElo "2061"]
[PlyCount "61"]
[EventDate "2012.09.16"]
[EventType "team-tourn"]
[EventRounds "11"]
[EventCountry "HUN"]
[SourceTitle "EXT 2014"]
[Source "ChessBase"]
[SourceDate "2013.11.20"]
[SourceVersion "1"]
[SourceVersionDate "2013.11.20"]
[SourceQuality "1"]
[WhiteTeam "Maroczy"]
[BlackTeam "Hobagoly"]
[WhiteTeamCountry "HUN"]
[BlackTeamCountry "HUN"]

1. e4 e5 2. Nf3 Nf6 3. Nc3 Bb4 4. d3 d6 5. h3 0-0 6. Be2 Nc6 7. 0-0 Be6 8. Ng5 Qe7 9. f4 h6 10. Nxe6 fxe6 11. fxe5 Nxe5 12. d4 Nc6 13. Bf3 Bxc3 14. bxc3 d5 15. e5 Nd7 16. a4 a6 17. Ba3 Qd8 18. Bxf8 Qxf8 19. Bxd5 Qe7 20. Bxc6 bxc6 21. Qf3 Nb8 22. Rf2 a5 23. Raf1 Ra6 24. Qf8+ Qxf8 25. Rxf8+ Kh7 26. Rxb8 Kg6 27. Rf3 Ra7 28. Re8 Kh7 29. h4 Rb7 30. h5 g5 31. Rf7# 1-0

[Event "HUN-chT2 Maroczy 1213"]
[Site "Hungary"]
[Date "2012.12.02"]
[Round "5"]
[White "Valyi, Adel"]
[Black "Bartos, Ferenc"]
[Result "1-0"]
[WhiteElo "1861"]
[BlackElo "1793"]
[PlyCount "63"]
[EventDate "2012.09.16"]
[EventType "team-tourn"]
[EventRounds "11"]
[EventCountry "HUN"]
[SourceTitle "EXT 2014"]
[Source "ChessBase"]
[SourceDate "2013.11.20"]
[SourceVersion "1"]
[SourceVersionDate "2013.11.20"]
[SourceQuality "1"]
[WhiteTeam "Maroczy"]
[BlackTeam "Roeszke"]
[WhiteTeamCountry "HUN"]
[BlackTeamCountry "HUN"]

1. e4 e5 2. Nf3 Nc6 3. Bb5 a6 4. Ba4 d6 5. c3 Bg4 6. h3 Bh5 7. d3 b5 8. Bc2 Qf6 9. Nbd2 h6 10. a4 Rb8 11. axb5 axb5 12. g4 Bg6 13. Nf1 Bh7 14. Ra6 Nge7 15. Bb3 Nd8 16. g5 Qg6 17. Nh4 Qxg5 18. Bxg5 hxg5 19. Nf3 f6 20. Ne3 c6 21. Qa1 d5 22. exd5 Bxd3 23. Qd1 Be4 24. Bc2 Bxd5 25. Nxd5 Nxd5 26. Be4 g4 27. Ng1 g3 28. Bxd5 gxf2+ 29. Kxf2 Bc5+ 30. Kg2 cxd5 31. Qxd5 Bf8 32. Ra7 1-0

[Event "HUN-chT2 Toth 1213"]
[Site "Hungary"]
[Date "2012.11.18"]
[Round "4.6"]
[White "Toth, Krisztian"]
[Black "Valyi, Adel"]
[Result "1/2-1/2"]
[WhiteElo "1779"]
[BlackElo "1861"]
[PlyCount "55"]
[EventDate "2012.09.16"]
[EventType "team-tourn"]
[EventRounds "11"]
[EventCountry "HUN"]
[SourceTitle "EXT 2014"]
[Source "ChessBase"]
[SourceDate "2013.11.20"]
[SourceVersion "1"]
[SourceVersionDate "2013.11.20"]
[SourceQuality "1"]
[WhiteTeam "Debrecen Sakkbaratok"]
[BlackTeam "Maroczy II"]
[WhiteTeamCountry "HUN"]
[BlackTeamCountry "HUN"]

1. b4 d5 2. Bb2 e6 3. e3 Nf6 4. b5 Be7 5. Nf3 c5 6. Be2 0-0 7. 0-0 Nbd7 8. a4 b6 9. c4 Bb7 10. d4 Rc8 11. cxd5 Bxd5 12. Nc3 Ba8 13. Rc1 Qc7 14. Qc2 Rfd8 15. Rfd1 h6 16. h3 cxd4 17. exd4 Qb7 18. Qb1 Nf8 19. Ne1 Qd7 20. Bf3 Bxf3 21. Nxf3 Ng6 22. Ne5 Qe8 23. Nxg6 fxg6 24. Ne4 Rxc1 25. Rxc1 Nxe4 26. Qxe4 Bf6 27. Rc6 Kf7 28. Rc7+ 1/2-1/2

[Event "HUN-chT U18"]
[Site "Budapest"]
[Date "2012.10.28"]
[Round "3.7"]
[White "Valyi, Adel"]
[Black "Farkas, Mate"]
[Result "1/2-1/2"]
[WhiteElo "1861"]
[BlackElo "1739"]
[PlyCount "70"]
[EventDate "2012.10.28"]
[EventType "team-swiss"]
[EventRounds "8"]
[EventCountry "HUN"]
[SourceTitle "EXT 2020"]
[Source "ChessBase"]
[SourceDate "2019.10.17"]
[SourceVersion "1"]
[SourceVersionDate "2019.10.17"]
[SourceQuality "1"]

1. e4 c5 2. Nf3 d6 3. d3 Nc6 4. Nbd2 Nf6 5. g3 Qc7 6. Bg2 e6 7. 0-0 Be7 8. c3 0-0 9. Ne1 b5 10. f4 Bb7 11. g4 Nd7 12. g5 e5 13. Ndf3 exf4 14. Bxf4 Nce5 15. Nh4 f6 16. Nf5 Qd8 17. d4 Nc4 18. b3 fxg5 19. Bxg5 Bxg5 20. bxc4 bxc4 21. Qe2 Nb6 22. dxc5 dxc5 23. Rd1 Qc7 24. Qg4 Bf6 25. Rf3 g6 26. Kh1 Bc8 27. Rg3 Kh8 28. Rd6 Be5 29. Rxg6 Bxg3 30. Qxg3 Qxg3 31. Rxg3 Bxf5 32. exf5 Rae8 33. Nf3 Rxf5 34. Bh3 Rd5 35. Ng5 Re7 1/2-1/2

[Event "HUN-chT U18"]
[Site "Budapest"]
[Date "2012.10.28"]
[Round "1.11"]
[White "Valyi, Adel"]
[Black "Haszon, Abel"]
[Result "0-1"]
[WhiteElo "1861"]
[BlackElo "1756"]
[PlyCount "76"]
[EventDate "2012.10.28"]
[EventType "team-swiss"]
[EventRounds "8"]
[EventCountry "HUN"]
[SourceTitle "EXT 2020"]
[Source "ChessBase"]
[SourceDate "2019.10.17"]
[SourceVersion "1"]
[SourceVersionDate "2019.10.17"]
[SourceQuality "1"]

1. e4 d6 2. d3 Nf6 3. h3 e5 4. Nf3 c6 5. Nbd2 Be6 6. g3 Be7 7. Bg2 Qc7 8. 0-0 0-0 9. b3 d5 10. Bb2 d4 11. c3 c5 12. Rc1 dxc3 13. Bxc3 Nc6 14. Ne1 Qd7 15. Kh2 Bd6 16. Ndf3 h6 17. Qd2 Rfd8 18. Qb2 Nd4 19. Bxd4 cxd4 20. Ng1 Rac8 21. Nef3 Qe7 22. Qe2 Bd7 23. Nd2 b5 24. f4 Rxc1 25. Rxc1 exf4 26. gxf4 Bxf4+ 27. Kh1 g6 28. Bf3 Nh7 29. Rc2 Ng5 30. Bg4 h5 31. Bxd7 Rxd7 32. Rc8+ Kg7 33. Ndf3 Ne6 34. Rc2 Be3 35. Qg2 Nf4 36. Qf1 Rc7 37. Rxc7 Qxc7 38. Qd1 Qc3 0-1

[Event "HUN-ch U16 Girls"]
[Site "Balatonlelle"]
[Date "2012.06.22"]
[Round "1"]
[White "Horvath, Ilona Klara"]
[Black "Valyi, Adel"]
[Result "1-0"]
[WhiteElo "1824"]
[BlackElo "1870"]
[PlyCount "47"]
[EventDate "2012.06.22"]
[EventType "tourn"]
[EventRounds "7"]
[EventCountry "HUN"]
[SourceTitle "EXT 2014"]
[Source "ChessBase"]
[SourceDate "2013.11.20"]
[SourceVersion "1"]
[SourceVersionDate "2013.11.20"]
[SourceQuality "1"]

1. e4 c5 2. d4 cxd4 3. Nf3 Nc6 4. Bc4 e6 5. 0-0 Nge7 6. Bg5 h6 7. Bh4 g5 8. Bg3 Bg7 9. c3 Qb6 10. Bb3 Ng6 11. Bd6 Na5 12. Bb4 Nxb3 13. axb3 a5 14. Nbd2 Ra6 15. Nc4 Qc7 16. Rxa5 Bf8 17. Rxa6 bxa6 18. Bxf8 Kxf8 19. Qxd4 Rg8 20. Ra1 g4 21. Nfd2 Ke7 22. Nb6 Bb7 23. Qb4+ Ke8 24. Ndc4 1-0

[Event "HUN-chT U18"]
[Site "Miskolc"]
[Date "2011.11.05"]
[Round "7.3"]
[White "Czegledi, Barna Jr"]
[Black "Valyi, Adel"]
[Result "1/2-1/2"]
[WhiteElo "1813"]
[BlackElo "1904"]
[PlyCount "40"]
[EventDate "2011.11.02"]
[EventType "team-swiss"]
[EventRounds "8"]
[EventCountry "HUN"]
[SourceTitle "EXT 2012"]
[Source "ChessBase"]
[SourceDate "2011.11.24"]
[SourceVersion "1"]
[SourceVersionDate "2011.11.24"]
[SourceQuality "1"]
[WhiteTeam "Vasas"]
[BlackTeam "Roszke"]
[WhiteTeamCountry "HUN"]
[BlackTeamCountry "HUN"]

1. d4 d5 2. Nf3 Nf6 3. g3 e6 4. Bg2 c5 5. c3 Nc6 6. 0-0 Be7 7. a3 0-0 8. b4 c4 9. a4 Bd7 10. Bg5 Ne4 11. Bxe7 Qxe7 12. Nfd2 f5 13. f3 Nf6 14. f4 Ng4 15. Qc1 Ne3 16. Rf2 h6 17. h3 Nxg2 18. Rxg2 Qf6 19. Nf3 Kh8 20. e3 a6 1/2-1/2

[Event "HUN-ch U14 Girls"]
[Site "Celldoemoelk"]
[Date "2011.07.02"]
[Round "6"]
[White "Valyi, Adel"]
[Black "Miseta, Nora"]
[Result "1-0"]
[WhiteElo "1850"]
[BlackElo "1547"]
[PlyCount "55"]
[EventDate "2011.06.27"]
[EventType "tourn"]
[EventRounds "7"]
[EventCountry "HUN"]
[SourceTitle "EXT 2012"]
[Source "ChessBase"]
[SourceDate "2011.11.24"]
[SourceVersion "1"]
[SourceVersionDate "2011.11.24"]
[SourceQuality "1"]

1. e4 e5 2. Nf3 Nc6 3. Bb5 Nf6 4. 0-0 d6 5. d3 Be7 6. c3 0-0 7. Nbd2 Bg4 8. h3 Bh5 9. Re1 a6 10. Ba4 Nd7 11. Nf1 Nc5 12. Bc2 Bf6 13. Be3 Ne6 14. Ng3 Bxf3 15. Qxf3 Bg5 16. Rad1 Bxe3 17. fxe3 Ne7 18. d4 Ng6 19. Nf5 Qg5 20. Qf2 Ne7 21. h4 Qf6 22. g4 h6 23. Qg3 Nxf5 24. exf5 Nd8 25. g5 hxg5 26. hxg5 Qe7 27. f6 Qe6 28. Qh4 1-0

[Event "HUN-chT U18"]
[Site "Miskolc"]
[Date "2010.11.03"]
[Round "2.6"]
[White "Valyi, Adel"]
[Black "Gledura, Benjamin"]
[Result "0-1"]
[WhiteElo "1833"]
[BlackElo "2180"]
[PlyCount "86"]
[EventDate "2010.11.02"]
[EventType "team-swiss"]
[EventRounds "8"]
[EventCountry "HUN"]
[SourceTitle "EXT 2016"]
[Source "ChessBase"]
[SourceDate "2015.10.08"]
[SourceVersion "1"]
[SourceVersionDate "2015.10.08"]
[SourceQuality "1"]

1. e4 c5 2. Nf3 g6 3. d4 Bg7 4. Nc3 cxd4 5. Nxd4 Nc6 6. Be3 Nf6 7. h3 0-0 8. Bc4 Qa5 9. 0-0 d6 10. Qd2 Nxd4 11. Qxd4 Ng4 12. Qd2 Nxe3 13. Qxe3 Bd7 14. Nd5 e6 15. Nf4 Rac8 16. Bb3 Bxb2 17. Rab1 Be5 18. Ne2 Qc5 19. Qd2 Bc6 20. Qd3 Rfd8 21. c4 b5 22. Rbc1 Qb6 23. Qf3 Qb7 24. cxb5 Bxe4 25. Qg4 h5 26. Qg5 Qxb5 27. Ng3 Bd5 28. Rb1 Bxb3 29. Rxb3 Qd5 30. Kh1 Bxg3 31. Qxg3 Qc6 32. Rfb1 Rd7 33. Qg5 d5 34. Qh6 d4 35. Rg3 d3 36. Qxh5 d2 37. Rd1 Qc2 38. Kh2 Qxd1 39. Qxd1 Rc1 40. Qh5 d1Q 41. Rxg6+ fxg6 42. Qxg6+ Kf8 43. Qf6+ Rf7 0-1

[Event "HUN-chT2 Toth 1011"]
[Site "Hungary"]
[Date "2010.09.26"]
[Round "2.10"]
[White "Valyi, Adel"]
[Black "Czina, Peter"]
[Result "0-1"]
[WhiteElo "1822"]
[BlackElo "1698"]
[PlyCount "54"]
[EventDate "2010.09.12"]
[EventType "team-tourn"]
[EventRounds "11"]
[EventCountry "HUN"]
[SourceTitle "EXT 2012"]
[Source "ChessBase"]
[SourceDate "2011.11.24"]
[SourceVersion "1"]
[SourceVersionDate "2011.11.24"]
[SourceQuality "1"]
[WhiteTeam "Roszke"]
[BlackTeam "Nadudvar"]
[WhiteTeamCountry "HUN"]
[BlackTeamCountry "HUN"]

1. e4 c5 2. Nf3 Nc6 3. c3 g6 4. Bc4 Na5 5. Be2 d5 6. exd5 Qxd5 7. Qa4+ Nc6 8. 0-0 Bg7 9. Bc4 Qh5 10. d4 cxd4 11. cxd4 Bd7 12. Qb3 e6 13. Qxb7 Rb8 14. Qc7 Rc8 15. Qd6 Nge7 16. Bg5 Nf5 17. Qf4 Ncxd4 18. Ba6 Nxf3+ 19. gxf3 Ra8 20. Nc3 0-0 21. Ne4 f6 22. Qc7 Bc8 23. Bb5 fxg5 24. Bc6 Nh4 25. Ng3 Nxf3+ 26. Bxf3 Qxf3 27. Qc2 Bb7 0-1

[Event "HUN-chT2 Toth 1011"]
[Site "Hungary"]
[Date "2010.09.12"]
[Round "1.10"]
[White "Valyi, Adel"]
[Black "Czapos, Peter"]
[Result "1-0"]
[WhiteElo "1822"]
[BlackElo "1989"]
[PlyCount "41"]
[EventDate "2010.09.12"]
[EventType "team-tourn"]
[EventRounds "11"]
[EventCountry "HUN"]
[SourceTitle "EXT 2012"]
[Source "ChessBase"]
[SourceDate "2011.11.24"]
[SourceVersion "1"]
[SourceVersionDate "2011.11.24"]
[SourceQuality "1"]
[WhiteTeam "Roszke"]
[BlackTeam "Gyula"]
[WhiteTeamCountry "HUN"]
[BlackTeamCountry "HUN"]

1. e4 d5 2. exd5 Qxd5 3. Nc3 Qa5 4. d4 c6 5. Bd2 Bf5 6. Bc4 e6 7. Nf3 Nf6 8. Ne5 Be7 9. g4 Bg6 10. h4 h5 11. g5 Nfd7 12. Nxg6 fxg6 13. Bxe6 Qb4 14. Qe2 Qxd4 15. 0-0-0 Qe5 16. Qc4 b5 17. Bxd7+ Nxd7 18. Qxc6 Rd8 19. Qxg6+ Kf8 20. Rhe1 Qd6 21. Qf5+ 1-0